000 02689cam a22005294i 4500
999 _c317
_d317
001 796931866
003 OCoLC
005 20190806093015.0
008 130620s2012 nyua 001 0 eng
010 _a 2013409774
020 _a9781451675047
_q(paperback)
020 _a1451675046
_q(paperback)
035 _a(OCoLC)796931866
_z(OCoLC)815251335
040 _aDLC
_beng
_erda
_cDLC
_dYDXCP
_dBDX
_dCLE
_dOUN
_dIVV
_dTXI
_dNDS
_dOCLCF
_dOCLCO
_dCOO
_dGZT
_dOCLCQ
_dNYP
042 _apcc
049 _aNYPP
082 0 0 _a501 DAW
_223
091 _a501
100 1 _aDawkins, Richard,
_d1941-
_eauthor
245 1 4 _aThe magic of reality :
_bhow we know what's really true /
_cRichard Dawkins ; illustrated by Dave McKean.
250 _aFirst Free Press trade paperback edition.
264 1 _aNew York :
_bFree Press,
_c2012.
300 _a267 pages :
_billustrations ;
_c22 cm.
336 _atext
_btxt
_2rdacontent.
337 _aunmediated
_bn
_2rdamedia.
338 _avolume
_bnc
_2rdacarrier.
500 _a"Originally published in Great Britain in 2012 by Transworld Publishers; a fully illustrated hardcover edition first published in Great Britain, with color illustrations by Dave McKean, in 2011 by Bantam Press, an imprint of Transworld Publishers"--Title page verso.
500 _aIncludes index.
505 0 _aWhat is reality? What is magic? -- Who was the first person? -- Why are there so many different kinds of animals? -- What are things made of? -- Why do we have night and day, winter and summer? -- What is the sun? -- What is a rainbow? -- When and how did everything begin? -- Are we alone? -- What is an earthquake? -- Why do bad things happen? -- What is a miracle?
520 _aThis book explains a wide range of natural phenomena including how old the universe is, why the continents look like disconnected pieces of a jigsaw puzzle, what causes tsunamis, why there are so many kinds of plants and animals, and who the first man, or woman, was. Starting with the magical, mythical explanations for the wonders of nature, the author reveals the scientific truths behind these occurrences.
650 0 _aScience
_vMiscellanea.
650 0 _aScience
_xPhilosophy.
650 0 _aReality.
650 0 _aNature.
650 7 _aNature.
_2fast
_0(OCoLC)fst01034561.
650 7 _aReality.
_2fast
_0(OCoLC)fst01091244.
650 7 _aScience.
_2fast
_0(OCoLC)fst01108176.
650 7 _aScience
_xPhilosophy.
_2fast
_0(OCoLC)fst01108336.
655 7 _aMiscellanea.
_2fast
_0(OCoLC)fst01423854.
700 _aMcKean, Dave
_eIllustrator
901 _aMARS
901 _awch
_bCATBL
908 0 0 _aQ173
942 _2ddc
_cNFIC
945 _a.b209289314
946 _am